Varnish manufacture and plant /

Guardado en:
Autor Principal: Chatfield, H. W.
Formato: Libro
Idioma:English
Publicado: London : Leonard Hill, 1950.
Etiquetas: Agregar Etiqueta
Sin Etiquetas, Sea el primero en etiquetar este registro!
LEADER 00438nam a22001455a 4500
001 EUN.um037521
003 AR-BaUNS
005 20050623122909.0
008 041125s1950####xxka##########000#0#eng#d
245 1 0 |a Varnish manufacture and plant /  |c H. W. Chatfield. 
260 |a London :  |b Leonard Hill,  |c 1950. 
300 |a 417 p. :  |b ilus. ;  |c 21,5 cm. 
100 1 |a Chatfield, H. W. 
082 0 4 |a 667.7 
859 |a Ar-BaUNS  |b BIB. CENTRAL - Sector C  |h 667.7  |i C392  |p 481/961